[Event "Bassano del Grappa Vergani Cup"]
[Site "Bassano del Grappa"]
[Date "2023.02.05"]
[Round "9"]
[White "Kalaiyalahan, Akshaya"]
[Black "Pasini, Nicolo"]
[Result "0-1"]
[WhiteElo "2148"]
[BlackElo "2210"]
[PlyCount "108"]
[EventDate "2023.02.01"]
[EventType "swiss"]
[EventRounds "9"]
[EventCountry "ITA"]
[SourceTitle "CBM 212 Extra"]
[Source "ChessBase"]
[SourceDate "2023.03.31"]
[SourceVersion "1"]
[SourceVersionDate "2023.03.31"]
[SourceQuality "1"]

1. d4 d5 2. Nf3 Nf6 3. c4 e6 4. e3 a6 5. Be2 dxc4 6. Bxc4 c5 7. 0-0 Nc6 8. dxc5 Qxd1 9. Rxd1 Bxc5 10. a3 b5 11. Be2 Bb7 12. b4 Be7 13. Bb2 0-0 14. Nc3 Rfd8 15. e4 Ng4 16. h3 Nf6 17. Kf1 Kf8 18. Rac1 Rac8 19. Ke1 Nd7 20. Rd2 Nb6 21. Rcd1 Rxd2 22. Kxd2 Bf6 23. Rc1 Ne5 24. Nxe5 Bxe5 25. Ke3 g5 26. g3 Nc4+ 27. Bxc4 Rxc4 28. Kd3 f5 29. exf5 exf5 30. Re1 Be4+ 31. Kd2 Bd4 32. f4 Bf2 33. Rf1 Rd4+ 34. Ke2 Bxg3 35. fxg5 Bd3+ 36. Ke3 Bxf1 37. Kxd4 Bxh3 38. Ne2 Bc7 39. Ke3 Bg4 40. Nf4 Kf7 41. Nd5 Bd6 42. Bf6 Bd1 43. Nf4 Bb3 44. Nd3 Ba2 45. Nc5 h5 46. Bd8 Ke8 47. Bf6 h4 48. Nd3 h3 49. Nf2 h2 50. Kd4 Kf7 51. Be5 Bxe5+ 52. Kxe5 Bb1 53. Nh1 Be4 54. Ng3 Kg6 0-1

[Event "Bassano del Grappa Vergani Cup"]
[Site "Bassano del Grappa"]
[Date "2023.02.02"]
[Round "2"]
[White "Pasini, Nicolo"]
[Black "Celik, Hasan Huseyin"]
[Result "1/2-1/2"]
[WhiteElo "2210"]
[BlackElo "2433"]
[PlyCount "77"]
[EventDate "2023.02.01"]
[EventType "swiss"]
[EventRounds "9"]
[EventCountry "ITA"]
[SourceTitle "CBM 212 Extra"]
[Source "ChessBase"]
[SourceDate "2023.03.31"]
[SourceVersion "1"]
[SourceVersionDate "2023.03.31"]
[SourceQuality "1"]

1. e4 c5 2. Nc3 Nc6 3. Nf3 g6 4. Bb5 Nd4 5. Ba4 Bg7 6. 0-0 a6 7. Nxd4 cxd4 8. Ne2 b5 9. Bb3 Bb7 10. d3 d5 11. f3 e6 12. a4 h6 13. Qe1 Ne7 14. axb5 axb5 15. Rxa8 Bxa8 16. Qb4 0-0 17. Qxb5 Qd6 18. Bd2 Rb8 19. Qa4 Bc6 20. Qa3 Qd7 21. Qa1 e5 22. Qe1 Ba4 23. Nc1 f5 24. Bb4 Bxb3 25. Nxb3 Nc6 26. Ba3 dxe4 27. fxe4 f4 28. Na5 Nd8 29. Nc4 Nf7 30. Qe2 h5 31. b3 Qe6 32. Kh1 Bf6 33. Rb1 Kg7 34. b4 g5 35. b5 g4 36. Qe1 h4 37. b6 g3 38. b7 Qd7 39. Qb4 1/2-1/2

[Event "Bassano del Grappa Vergani Cup"]
[Site "Bassano del Grappa"]
[Date "2023.02.01"]
[Round "1"]
[White "Vincenti, Leonardo"]
[Black "Pasini, Nicolo"]
[Result "0-1"]
[WhiteElo "1889"]
[BlackElo "2210"]
[PlyCount "118"]
[EventDate "2023.02.01"]
[EventType "swiss"]
[EventRounds "9"]
[EventCountry "ITA"]
[SourceTitle "CBM 212 Extra"]
[Source "ChessBase"]
[SourceDate "2023.03.31"]
[SourceVersion "1"]
[SourceVersionDate "2023.03.31"]
[SourceQuality "1"]

1. e4 c5 2. Nf3 Nc6 3. Bb5 g6 4. 0-0 Bg7 5. c3 Nf6 6. Re1 0-0 7. d4 d5 8. e5 Ne4 9. Nbd2 cxd4 10. cxd4 Qb6 11. Bxc6 Qxc6 12. Nxe4 dxe4 13. Ng5 Rd8 14. Qb3 Qd5 15. Qxd5 Rxd5 16. Be3 Bf5 17. g4 Bxg4 18. Nxe4 Rc8 19. Rac1 Rdd8 20. f4 Bf5 21. Nc3 f6 22. Kf2 Kf7 23. Kf3 a6 24. Na4 Rxc1 25. Rxc1 Bd7 26. Nb6 Bc6+ 27. Ke2 Ke6 28. Rc5 fxe5 29. fxe5 Kf5 30. a4 e6 31. Rc1 Kg4 32. Rg1+ Kh3 33. Nc4 Rf8 34. Nd2 Bg2 35. Rc1 Rf7 36. Nc4 Bf3+ 37. Kd2 Rc7 38. Rc3 Bf8 39. Nd6 Rxc3 40. bxc3 Kxh2 41. Ne8 Bd5 42. Kd3 b5 43. axb5 axb5 44. Nc7 Bc4+ 45. Ke4 h5 46. Bg5 Kg3 47. d5 exd5+ 48. Nxd5 Kg4 49. Bf6 Bxd5+ 50. Kxd5 h4 51. e6 h3 52. Be5 Kf5 53. Bh2 Kf6 54. Be5+ Ke7 55. Bd6+ Ke8 56. Bh2 Bg7 57. c4 b4 58. c5 Bf8 59. Kc4 Bxc5 0-1

[Event "Mirandela op 3rd"]
[Site "Mirandela"]
[Date "2022.08.18"]
[Round "2"]
[White "Pasini, Nicolo"]
[Black "Arenas Vanegas, David"]
[Result "0-1"]
[WhiteElo "2244"]
[BlackElo "2421"]
[PlyCount "120"]
[EventDate "2022.08.17"]
[EventType "swiss"]
[EventRounds "9"]
[EventCountry "POR"]
[SourceTitle "CBM 209 Extra"]
[Source "ChessBase"]
[SourceDate "2022.09.30"]
[SourceVersion "1"]
[SourceVersionDate "2022.09.30"]
[SourceQuality "1"]

1. e4 c5 2. Nc3 d6 3. Bb5+ Bd7 4. Bxd7+ Nxd7 5. f4 e6 6. Nf3 Ngf6 7. Qe2 Qc7 8. d4 cxd4 9. Nxd4 a6 10. f5 e5 11. Nb3 b5 12. a3 h6 13. Be3 Rc8 14. 0-0-0 Qb7 15. Na5 Qc7 16. Nb3 Be7 17. h3 Qb7 18. Na5 Qc7 19. Nb3 Qb8 20. Qd3 b4 21. axb4 Qxb4 22. Qxa6 0-0 23. Qb5 Qxb5 24. Nxb5 Nxe4 25. g4 Ndf6 26. Na7 Rc4 27. Kb1 Rb8 28. Rd3 d5 29. Na5 Nc3+ 30. Rxc3 Rxc3 31. N7c6 Rb5 32. Bd2 Ne4 33. Bxc3 Nxc3+ 34. Ka1 Bb4 35. Nb3 Ne4 36. Nxe5 Be7 37. Nd3 Bf6 38. Rd1 Nd6 39. Nf4 Nc4 40. Rxd5 Rb8 41. Nd3 h5 42. gxh5 Ne3 43. Rc5 Nxc2+ 44. Rxc2 Rxb3 45. Rd2 Rb5 46. Rf2 Kh7 47. Ka2 Kh6 48. b4 Kxh5 49. Kb3 Kg5 50. Nc5 Be7 51. Kc4 Rb8 52. Rg2+ Kh6 53. Rg4 Bf8 54. Kd5 g6 55. fxg6 f5 56. Rc4 Kxg6 57. Na6 Rb6 58. Nc5 Rd6+ 59. Ke5 Rd1 60. Ne6 Bd6# 0-1

[Event "ITA-ch sf 81st"]
[Site "Acqui Terme"]
[Date "2022.06.15"]
[Round "5"]
[White "Pasini, Nicolo"]
[Black "Carnicelli, Valerio"]
[Result "1/2-1/2"]
[WhiteElo "2227"]
[BlackElo "2324"]
[PlyCount "33"]
[EventDate "2022.06.12"]
[EventType "swiss"]
[EventRounds "9"]
[EventCountry "ITA"]
[SourceTitle "CBM 208 Extra"]
[Source "ChessBase"]
[SourceDate "2022.07.31"]
[SourceVersion "1"]
[SourceVersionDate "2022.07.31"]
[SourceQuality "1"]

1. e4 c5 2. Nf3 Nc6 3. d4 cxd4 4. Nxd4 e6 5. Nc3 Qc7 6. Be3 a6 7. g4 b5 8. Nxc6 Qxc6 9. Qd2 b4 10. Ne2 Qxe4 11. Rg1 Qc6 12. Bg2 d5 13. 0-0-0 Bb7 14. f4 Nf6 15. f5 exf5 16. Nf4 0-0-0 17. gxf5 1/2-1/2

[Event "ITA-chT Final 53rd"]
[Site "Montesilvano"]
[Date "2022.04.25"]
[Round "3.1"]
[White "Pasini, Nicolo"]
[Black "Budyi, Danylo"]
[Result "1-0"]
[WhiteElo "2150"]
[BlackElo "1817"]
[PlyCount "59"]
[EventDate "2022.04.24"]
[EventType "team-tourn"]
[EventRounds "4"]
[EventCountry "ITA"]
[SourceTitle "CBM 207 Extra"]
[Source "ChessBase"]
[SourceDate "2022.05.31"]
[SourceVersion "1"]
[SourceVersionDate "2022.05.31"]
[SourceQuality "1"]
[WhiteTeam "Chieti"]
[BlackTeam "Montebelluna Master"]
[WhiteTeamCountry "ITA"]
[BlackTeamCountry "ITA"]

1. e4 e6 2. d4 d5 3. Nc3 Nf6 4. Bg5 Be7 5. e5 Nfd7 6. h4 h6 7. Bxe7 Qxe7 8. f4 a6 9. Nf3 c5 10. Ne2 Nc6 11. Qd2 b5 12. h5 Bb7 13. g4 0-0-0 14. c3 Kb8 15. Ng3 cxd4 16. cxd4 Nb6 17. b3 Rc8 18. Bd3 Qb4 19. Rc1 Rc7 20. Bb1 Rhc8 21. Qxb4 Nxb4 22. Rxc7 Rxc7 23. Kd2 a5 24. f5 Bc8 25. f6 gxf6 26. exf6 Nd7 27. g5 hxg5 28. h6 Nxf6 29. Nxg5 Nc6 30. Nh5 1-0

[Event "ITA-chT Final 53rd"]
[Site "Montesilvano"]
[Date "2022.04.24"]
[Round "1.8"]
[White "Santolini, Luigi"]
[Black "Pasini, Nicolo"]
[Result "1/2-1/2"]
[WhiteElo "2236"]
[BlackElo "2150"]
[PlyCount "46"]
[EventDate "2022.04.24"]
[EventType "team-tourn"]
[EventRounds "4"]
[EventCountry "ITA"]
[SourceTitle "CBM 207 Extra"]
[Source "ChessBase"]
[SourceDate "2022.05.31"]
[SourceVersion "1"]
[SourceVersionDate "2022.05.31"]
[SourceQuality "1"]
[WhiteTeam "Canal Cib Unigas"]
[BlackTeam "Chieti"]
[WhiteTeamCountry "ITA"]
[BlackTeamCountry "ITA"]

1. d4 Nf6 2. Nf3 c5 3. c3 cxd4 4. cxd4 d5 5. Nc3 Nc6 6. Bf4 a6 7. e3 Bg4 8. Bd3 e6 9. 0-0 Bd6 10. Bxd6 Qxd6 11. Rc1 0-0 12. Na4 Rac8 13. Nc5 e5 14. Be2 exd4 15. Nxd4 Nxd4 16. exd4 Bxe2 17. Qxe2 Rce8 18. Qf3 Ne4 19. Qd3 Re7 20. f3 Ng5 21. Rfe1 Rfe8 22. Qd2 Qh6 23. Rxe7 Rxe7 1/2-1/2

[Event "Titled Tuesday intern op 08th Feb Early"]
[Site "Chess.com INT"]
[Date "2022.02.08"]
[Round "6"]
[White "Necula, Iulian"]
[Black "Pasini, Nicolo"]
[Result "0-1"]
[WhiteElo "1890"]
[BlackElo "2252"]
[PlyCount "76"]
[EventDate "2022.02.08"]
[EventType "swiss (blitz)"]
[EventRounds "11"]
[EventCountry "USA"]
[SourceTitle "CBM 206 Extra"]
[Source "ChessBase"]
[SourceDate "2022.03.31"]
[SourceVersion "1"]
[SourceVersionDate "2022.03.31"]
[SourceQuality "1"]

1. b4 a5 2. b5 c5 3. bxc6 bxc6 4. Bb2 Ba6 5. Nf3 e6 6. d3 d5 7. Nbd2 Nd7 8. e4 Rb8 9. Qc1 Ngf6 10. exd5 cxd5 11. Be2 Bb4 12. c3 Bd6 13. 0-0 Nc5 14. c4 0-0 15. Bxf6 Qxf6 16. d4 Ne4 17. c5 Bxe2 18. cxd6 Bxf1 19. Nxe4 dxe4 20. Ne5 Bb5 21. Rb1 Qd8 22. a4 Bd3 23. Rxb8 Qxb8 24. Nd7 Qxd6 25. Nxf8 Qxf8 26. Qc5 Qxc5 27. dxc5 Ba6 28. c6 Kf8 29. c7 Ke7 30. f3 exf3 31. gxf3 Kd7 32. Kf2 Kxc7 33. Ke3 Bc4 34. Kd4 Bb3 35. Kc5 Bxa4 36. f4 Bc6 37. h4 a4 38. Kb4 Kd6 0-1

[Event "Imola op 3rd"]
[Site "Imola"]
[Date "2021.12.08"]
[Round "5"]
[White "Bettalli, Francesco"]
[Black "Pasini, Nicolo"]
[Result "1/2-1/2"]
[WhiteElo "2305"]
[BlackElo "2260"]
[PlyCount "61"]
[EventDate "2021.12.06"]
[EventType "swiss"]
[EventRounds "5"]
[EventCountry "ITA"]
[SourceTitle "CBM 205 Extra"]
[Source "ChessBase"]
[SourceDate "2022.01.31"]
[SourceVersion "1"]
[SourceVersionDate "2022.01.31"]
[SourceQuality "1"]

1. d4 d5 2. c4 e6 3. Nf3 Nf6 4. Nc3 c6 5. Bg5 dxc4 6. e4 b5 7. e5 h6 8. Bh4 g5 9. Nxg5 hxg5 10. Bxg5 Nbd7 11. g3 Bb7 12. Bg2 Qb6 13. exf6 0-0-0 14. 0-0 c5 15. d5 b4 16. Rb1 Qa6 17. dxe6 Bxg2 18. e7 Bxf1 19. Kxf1 Bxe7 20. fxe7 Rdg8 21. Ne4 c3+ 22. Kg1 Rxg5 23. Nxg5 Qg6 24. bxc3 Qxg5 25. Qe2 Qe5 26. Qa6+ Kb8 27. Qb5+ Kc7 28. Qa5+ Kb8 29. Qb5+ Kc7 30. Qa5+ Kb8 31. Qb5+ 1/2-1/2

[Event "Imola op 3rd"]
[Site "Imola"]
[Date "2021.12.07"]
[Round "2"]
[White "Pasini, Nicolo"]
[Black "Bogner, Sebastian"]
[Result "0-1"]
[WhiteElo "2260"]
[BlackElo "2577"]
[PlyCount "94"]
[EventDate "2021.12.06"]
[EventType "swiss"]
[EventRounds "5"]
[EventCountry "ITA"]
[SourceTitle "CBM 205 Extra"]
[Source "ChessBase"]
[SourceDate "2022.01.31"]
[SourceVersion "1"]
[SourceVersionDate "2022.01.31"]
[SourceQuality "1"]

1. e4 c5 2. Nc3 Nc6 3. Bb5 Nd4 4. Nf3 e6 5. 0-0 a6 6. Bd3 Nc6 7. Nd5 d6 8. Re1 exd5 9. exd5+ Nce7 10. b4 Nf6 11. Bb2 cxb4 12. Ng5 Bg4 13. Qb1 Nfxd5 14. Bc4 h6 15. Bxd5 hxg5 16. Bxb7 Rb8 17. Bxa6 f6 18. Bd4 d5 19. h3 Bf5 20. Ba7 Ra8 21. Bb5+ Kf7 22. Bc5 Rb8 23. a4 bxa3 24. Ba7 Rc8 25. Rxa3 Nc6 26. Ra6 Nxa7 27. Rxa7+ Kg8 28. Re8 Qb6 29. Ra6 Qb8 30. Qb3 Qb7 31. Rxc8 Bxc8 32. Rc6 Kh7 33. Bd3+ Kh6 34. Qxd5 g6 35. h4 g4 36. h5 Be7 37. Qc4 Qb1+ 38. Bf1 Bf5 39. Qf4+ Kg7 40. Rc7 Qe1 41. Rc3 Qe5 42. Qxe5 fxe5 43. Rc7 Kf6 44. hxg6 Bxg6 45. Rc6+ Kg5 46. d4 exd4 47. Re6 Bf6 0-1

[Event "Arco op 43rd"]
[Site "Arco"]
[Date "2021.10.16"]
[Round "8"]
[White "Pasini, Nicolo"]
[Black "Sirosh, Ilja"]
[Result "1/2-1/2"]
[WhiteElo "2251"]
[BlackElo "2400"]
[PlyCount "81"]
[EventDate "2021.10.09"]
[EventType "swiss"]
[EventRounds "9"]
[EventCountry "ITA"]
[SourceTitle "CBM 204 Extra"]
[Source "ChessBase"]
[SourceDate "2021.11.30"]
[SourceVersion "1"]
[SourceVersionDate "2021.11.30"]
[SourceQuality "1"]

1. e4 c6 2. d4 d5 3. exd5 cxd5 4. Bd3 Nc6 5. c3 Nf6 6. Bf4 Bg4 7. Qb3 Qd7 8. Nd2 e6 9. Ngf3 Bd6 10. Bxd6 Qxd6 11. 0-0 0-0 12. Rae1 Ne7 13. Ne5 Bf5 14. Bxf5 Nxf5 15. g4 Ne7 16. Re3 h5 17. h3 b5 18. f4 Rab8 19. a3 a5 20. f5 exf5 21. gxf5 b4 22. cxb4 axb4 23. a4 Nc6 24. Qd3 Rfe8 25. Rfe1 Na5 26. Kh1 Nc4 27. Ndxc4 dxc4 28. Qxc4 Qd5+ 29. Qxd5 Nxd5 30. Nc6 Rxe3 31. Rxe3 Rc8 32. Re5 Rxc6 33. Rxd5 Rc2 34. Rb5 Rxb2 35. Rb8+ Kh7 36. d5 Rd2 37. Rxb4 Rxd5 38. Rb5 Rd4 39. f6 Rxa4 40. Rxh5+ Kg8 41. fxg7 1/2-1/2

[Event "Arco op 43rd"]
[Site "Arco"]
[Date "2021.10.10"]
[Round "2"]
[White "Pasini, Nicolo"]
[Black "Lohia, Sohum"]
[Result "0-1"]
[WhiteElo "2251"]
[BlackElo "1993"]
[PlyCount "120"]
[EventDate "2021.10.09"]
[EventType "swiss"]
[EventRounds "9"]
[EventCountry "ITA"]
[SourceTitle "CBM 204 Extra"]
[Source "ChessBase"]
[SourceDate "2021.11.30"]
[SourceVersion "1"]
[SourceVersionDate "2021.11.30"]
[SourceQuality "1"]

1. e4 e5 2. Nf3 Nc6 3. Nc3 Nf6 4. d4 exd4 5. Nxd4 Nxe4 6. Nxe4 Qe7 7. Bd3 Nxd4 8. 0-0 d5 9. Ng5 h6 10. Re1 Be6 11. Bf1 hxg5 12. Qxd4 Qb4 13. Be3 Bd6 14. g3 Qxd4 15. Bxd4 0-0 16. Bg2 c6 17. Rad1 Rfe8 18. Rd3 Bf5 19. Rxe8+ Rxe8 20. Re3 Rxe3 21. fxe3 c5 22. Bc3 Be4 23. Bxe4 dxe4 24. Kf2 f5 25. Bd2 c4 26. Ke2 Be5 27. Bc1 b5 28. Kf2 Kf7 29. Ke2 Ke6 30. Kf2 g6 31. Ke2 Kd5 32. Kf2 a5 33. Ke2 Kc5 34. Kf2 a4 35. Ke2 Bg7 36. Kf2 Kd5 37. Ke2 Bh6 38. Bd2 Bg7 39. Bc1 Be5 40. Kf2 Kd6 41. Kg2 Kc6 42. Kf2 Kb6 43. Ke2 Ka5 44. Kf2 c3 45. b3 axb3 46. axb3 b4 47. Kg2 Kb5 48. Kf2 Kc5 49. Kg2 Kd5 50. Kh3 Bg7 51. Kg2 Ke5 52. Kh3 Bh6 53. Kg2 f4 54. Kf2 Kf5 55. h3 fxg3+ 56. Kxg3 Bg7 57. Kg2 g4 58. Kh2 Be5+ 59. Kg2 gxh3+ 60. Kxh3 g5 0-1

[Event "Arco op 43rd"]
[Site "Arco"]
[Date "2021.10.09"]
[Round "1"]
[White "Wegelin, Reinhard"]
[Black "Pasini, Nicolo"]
[Result "0-1"]
[WhiteElo "1800"]
[BlackElo "2251"]
[PlyCount "118"]
[EventDate "2021.10.09"]
[EventType "swiss"]
[EventRounds "9"]
[EventCountry "ITA"]
[SourceTitle "CBM 204 Extra"]
[Source "ChessBase"]
[SourceDate "2021.11.30"]
[SourceVersion "1"]
[SourceVersionDate "2021.11.30"]
[SourceQuality "1"]

1. d4 Nf6 2. f3 c5 3. d5 e6 4. e4 d6 5. Nc3 exd5 6. exd5 Be7 7. Bb5+ Nbd7 8. Nge2 a6 9. Bxd7+ Bxd7 10. a4 b5 11. 0-0 0-0 12. Ng3 Re8 13. Re1 Bf8 14. Bg5 Rxe1+ 15. Qxe1 b4 16. Nce4 Be7 17. Qd2 Nxe4 18. Nxe4 Bxg5 19. Nxg5 Bf5 20. c4 h6 21. Ne4 Bxe4 22. fxe4 Qf6 23. Rf1 Qe5 24. Qf4 Qxf4 25. Rxf4 Re8 26. b3 f6 27. Kf2 Kf7 28. Ke3 Re5 29. g4 h5 30. h3 hxg4 31. hxg4 Kg6 32. Rf2 Kg5 33. Kf3 Re8 34. Rh2 Kg6 35. Kf4 Kf7 36. Rh3 Kg8 37. Ke3 g6 38. Kf4 Re7 39. Rh6 Kg7 40. Rh3 Re5 41. Rg3 Re8 42. Rh3 Rf8 43. Rh2 Rf7 44. Rh3 Re7 45. Rg3 Kg8 46. Rh3 Rh7 47. Rg3 Rh1 48. Rf3 Kg7 49. Re3 Rf1+ 50. Rf3 Re1 51. Re3 Rc1 52. Rd3 Rc2 53. Kf3 Kh6 54. Rd1 Rc3+ 55. Kf4 Rxb3 56. Rh1+ Kg7 57. g5 fxg5+ 58. Kxg5 Rg3+ 59. Kf4 Rc3 0-1

[Event "ITA-chT Final 52nd"]
[Site "Montesilvano"]
[Date "2021.09.25"]
[Round "1.4"]
[White "Pasini, Nicolo"]
[Black "Barp, Alberto"]
[Result "0-1"]
[WhiteElo "2239"]
[BlackElo "2372"]
[PlyCount "116"]
[EventDate "2021.09.25"]
[EventType "team-tourn"]
[EventRounds "3"]
[EventCountry "ITA"]
[SourceTitle "CBM 204 Extra"]
[Source "ChessBase"]
[SourceDate "2021.11.30"]
[SourceVersion "1"]
[SourceVersionDate "2021.11.30"]
[SourceQuality "1"]
[WhiteTeam "Chieti"]
[BlackTeam "WorldtradingLab"]
[WhiteTeamCountry "ITA"]
[BlackTeamCountry "ITA"]

1. e4 c5 2. Nc3 Nc6 3. Bb5 Nd4 4. Nf3 e6 5. 0-0 a6 6. Bd3 Nc6 7. e5 d5 8. exd6 Bxd6 9. b3 Nf6 10. Bb2 b6 11. Ne4 Be7 12. Ne5 Nxe5 13. Bxe5 Bb7 14. Qf3 Qd5 15. Nxf6+ Bxf6 16. Qxd5 Bxd5 17. Bxf6 gxf6 18. Rfe1 Ke7 19. Be4 Rad8 20. d3 Rhg8 21. Bxd5 Rxd5 22. Re4 Rd4 23. Rae1 f5 24. R4e3 Rdg4 25. Rg3 h5 26. Kf1 Kd6 27. Rxg4 hxg4 28. f3 gxf3 29. gxf3 f4 30. a4 e5 31. c3 Kd5 32. Ra1 f6 33. Kf2 Ke6 34. Ra2 Rh8 35. Kf1 Rd8 36. Ke2 Kf5 37. Rd2 Kg5 38. Ke1 Kh4 39. Kf1 Kh3 40. Ke1 Rg8 41. Kf1 Rd8 42. Ke1 f5 43. Kd1 e4 44. d4 cxd4 45. cxd4 Rd5 46. Ke1 a5 47. Kf1 Kh4 48. Ke2 Kg5 49. Rd1 Kf6 50. h4 Kg6 51. Rc1 Rxd4 52. Rc6+ Kh5 53. Rf6 e3 54. Rxf5+ Kxh4 55. Rb5 Rd2+ 56. Ke1 Kg3 57. b4 Kxf3 58. bxa5 bxa5 0-1